Online
Catalog

Raíces : (Record no. 10872)

MARC details
000 -CABECERA
campo de control de longitud fija 00818nam a2200229 a 4500
001 - NÚMERO DE CONTROL
campo de control 000011147
005 - FECHA Y HORA DE LA ÚLTIMA TRANSACCIÓN
campo de control 20240412074223.0
008 - DATOS DE LONGITUD FIJA--INFORMACIÓN GENERAL
campo de control de longitud fija 091014t1981 dr r 000 p spa d
040 ## - FUENTE DE LA CATALOGACIÓN
Centro catalogador/agencia de origen DO-SdBNP
Lengua de catalogación spa
Centro/agencia transcriptor BNPHU
082 ## - NÚMERO DE LA CLASIFICACIÓN DECIMAL DEWEY
Número de clasificación RD861.44
Número de documento/Ítem R696r,1981
100 1# - ENTRADA PRINCIPAL--NOMBRE DE PERSONA
Nombre de persona Rodríguesoriano, René,
Fechas asociadas al nombre 1950-
9 (RLIN) 23588
245 10 - MENCIÓN DE TÍTULO
Título Raíces :
Resto del título con dos comienzos y un final /
Mención de responsabilidad, etc. René Rodríguesoriano ; prólogo Juan Freddy Armando.
250 ## - MENCIÓN DE EDICIÓN
Mención de edición 2ª ed.
260 ## - PUBLICACIÓN, DISTRIBUCIÓN, ETC.
Lugar de publicación, distribución, etc. Santo Domingo :
Nombre del editor, distribuidor, etc. Gente,
Fecha de publicación, distribución, etc. 1981.
300 ## - DESCRIPCIÓN FÍSICA
Extensión 50 p. ;
Dimensiones 21 cm.
500 ## - NOTA GENERAL
Nota general Incluye datos biográficos del autor en la solapa de la cubierta.
590 ## - NOTA LOCAL (RLIN)
Nota local Inventariado, 2018/BT
650 #0 - PUNTO DE ACCESO ADICIONAL DE MATERIA--TÉRMINO DE MATERIA
Término de materia o nombre geográfico como elemento de entrada Poesía dominicana
9 (RLIN) 66
650 #0 - PUNTO DE ACCESO ADICIONAL DE MATERIA--TÉRMINO DE MATERIA
Término de materia o nombre geográfico como elemento de entrada Literatura dominicana.
9 (RLIN) 67
700 12 - PUNTO DE ACCESO ADICIONAL--NOMBRE DE PERSONA
Nombre de persona Armando, Juan Freddy,
Fechas asociadas al nombre 1951-,
Término indicativo de función/relación pról.
9 (RLIN) 22233
910 ## - DATOS DE OPCIÓN DEL USUARIO (OCLC)
Datos de opción del usuario Validado. Control de calidad. EMS
Holdings
Estado de retiro Estado de pérdida Restricciones de uso No para préstamo Código de colección Localización permanente Ubicación/localización actual Ubicación en estantería Fecha de adquisición Número de inventario Total de préstamos Signatura topográfica completa Código de barras Fecha visto por última vez Número de copia Precio válido a partir de Tipo de ítem Koha Nota pública
        Dominicana de Servicio General General Depósito 25.05.2015 LF1   RD861.44 R696r,1981 11147-30 25.06.2020 e.3 25.06.2020 Libro y Folleto Colección Dominicana de Servicio Perteneció a la biblioteca personal de Chiqui / Fidelio Despradel.
        Dominicana de Servicio General General Depósito 16.07.2015 LF1   RD861.44 R696r,1981 11147-40 25.06.2020 e.4 25.06.2020 Libro y Folleto Colección Dominicana de Servicio Autografiado por el autor, dedicado a la Biblioteca Nacional "PHU".
      Excluido de préstamo Patrimonio Dominicano Patrimonio Dominicano Patrimonio Dominicano Depósito 14.10.2009 LF1   RD861.44 R696r,1981 11147-10 25.06.2020   25.06.2020 Libro y Folleto Colección Patrimonio Dominicano  
      Excluido de préstamo Patrimonio Dominicano Patrimonio Dominicano Patrimonio Dominicano Depósito 14.10.2009 LF1   RD861.44 R696r,1981 11147-20 25.06.2020 e.2 25.06.2020 Libro y Folleto Colección Patrimonio Dominicano Autografiado por el autor, dedicado a la Biblioteca Nacional "PHU".

Powered by Koha